|
|
|
|
| LEADER |
00000cam a2200000 7i4500 |
| 001 |
0000002158 |
| 005 |
20030313.0 |
| 020 |
0 |
0 |
|a 0300078455
|
| 090 |
0 |
0 |
|a 333.7515091724
|b FOR 1999
|
| 245 |
0 |
0 |
|a FORESTS to fight poverty :
|b creating national strategies
|c edited by Ralph Schmidt, Joyce K. Berry and John C. Gordon
|
| 260 |
0 |
0 |
|a New Haven :
|b Yale University Press ,
|c 1999
|
| 300 |
|
|
|a xix, 198 p. :
|b ill. ;
|c 22 cm.
|
| 500 |
0 |
0 |
|a Includes bibliography (p. 183-190) and index
|
| 650 |
0 |
0 |
|a Forest policy
|x Developing countries
|
| 650 |
0 |
0 |
|a Rural development
|x Developing countries
|
| 650 |
0 |
0 |
|a Sustainable development
|x Developing countries
|
| 650 |
0 |
0 |
|a Sustainable forestry
|x Developing countries
|
| 700 |
0 |
1 |
|a Berry
|h Joyce K.
|
| 700 |
0 |
1 |
|a Gordon
|h J. C. ,
|d (John C.) ,
|c 1939-
|
| 700 |
0 |
1 |
|a Schmidt
|h Ralph ,
|d (Ralph C.)
|
| 998 |
|
|
|a JPSM
|
| 999 |
|
|
|a 0000003642
|b Monograph
|c Open Shelf
|e Default branch
|